000 01291nam a2200301Ia 4500
001 ebr10196779
003 CaPaEBR
006 m u
007 cr cn|||||||||
008 061207s2007 enk sb 001 0 eng d
010 _z 2006101041
020 _z9781843108580 (pbk.)
040 _aCaPaEBR
_cCaPaEBR
035 _a(OCoLC)174142006
050 1 4 _aRJ506.L4
_bM37 2007eb
082 0 4 _a618.92/85889
_222
100 1 _aMartin, Marilyn,
_d1952-
245 1 0 _aHelping children with nonverbal learning disabilities to flourish
_h[electronic resource] :
_ba guide for parents and professionals /
_cMarilyn Martin ; foreword by Michele Berg.
260 _aLondon ;
_aPhiladelphia :
_bJessica Kingsley Publishers,
_c2007.
300 _a240 p.
504 _aIncludes bibliographical references and index.
533 _aElectronic reproduction.
_bPalo Alto, Calif. :
_cebrary,
_d2009.
_nAvailable via World Wide Web.
_nAccess may be limited to ebrary affiliated libraries.
650 0 _aLearning disabled children
_xRehabilitation.
650 0 _aNonverbal learning disabilities.
655 7 _aElectronic books.
_2local
710 2 _aebrary, Inc.
856 4 0 _uhttp://site.ebrary.com/lib/rucke/Doc?id=10196779
_zAn electronic book accessible through the World Wide Web; click to view
999 _c214736
_d214736